000 00477nam a2200193 a 4500
001 2287
003 CO-ViMGA
008 141112s2004 ck r 000 u spa d
040 _aCO-ViMGA
_bspa
_cCO-ViMGA
082 0 4 _aAMOm
100 1 _aAmo, Montserrat del
_92466
245 1 0 _aMontes, pájaros y amigos
250 _a6a
260 _aMadrid :
_bAnya,
_c1996
300 _a103 p : il
490 _aEl duende verde, 4
650 1 4 _aCUENTOS INFANTILES
_92743
942 _2ddc
_cBK
999 _c14391
_d14391